| 000 | 00664nam a2200253Ia 4500 | ||
|---|---|---|---|
| 001 | 28690 | ||
| 005 | 20240114001101.0 | ||
| 007 | ta | ||
| 008 | 060615s1969 g b000 u 465 u | ||
| 040 | _aCotton College,Assam | ||
| 041 | _a465 | ||
| 082 |
_a311.23 _bR 812 St |
||
| 100 | _aRoy, K.P. . | ||
| 245 | 0 |
_aStatistical Techniques in Commerce and Economics / _cK.P. Roy. _hTextual Documents |
|
| 250 | _a4th ed. / | ||
| 260 |
_aCalcutta : _bProgressive Publishers , _c1969. |
||
| 300 |
_a359p. ; _c22cm. |
||
| 653 | _aStatistics | ||
| 653 | _aG-Statistics | ||
| 942 |
_2ddc _cBK |
||
| 999 |
_c28672 _d28672 |
||